Borussia Dortmund Full Squads (2000-) - Statistics

General Stats
  • This quiz has been taken 1,099 times
    715 since last reset
  • The average score is 294 of 625
Answer Stats
Year # Pos/Country Answer % Correct
2019-2020 17 FW Erling Haaland
93%
2020-2021 9 FW Erling Haaland
93%
2021-2022 9 FW Erling Haaland
93%
2012-2013 11 MF Marco Reus
93%
2013-2014 11 MF Marco Reus
93%
2014-2015 11 MF Marco Reus
93%
2015-2016 11 MF Marco Reus
93%
2016-2017 11 MF Marco Reus
93%
2017-2018 11 MF Marco Reus
93%
2018-2019 11 MF Marco Reus
93%
2019-2020 11 MF Marco Reus
93%
2020-2021 11 MF Marco Reus
93%
2021-2022 11 MF Marco Reus
93%
2022-2023 11 MF Marco Reus
93%
2023-2024 11 MF Marco Reus
93%
2007-2008 15 DF Mats Hummels
93%
2008-2009 15 DF Mats Hummels
93%
2009-2010 15 DF Mats Hummels
93%
2010-2011 15 DF Mats Hummels
93%
2011-2012 15 DF Mats Hummels
93%
2012-2013 15 DF Mats Hummels
93%
2013-2014 15 DF Mats Hummels
93%
2014-2015 15 DF Mats Hummels
93%
2015-2016 15 DF Mats Hummels
93%
2019-2020 15 DF Mats Hummels
93%
2020-2021 15 DF Mats Hummels
93%
2021-2022 15 DF Mats Hummels
93%
2022-2023 15 DF Mats Hummels
93%
2023-2024 15 DF Mats Hummels
93%
2021-2022 1 GK Gregor Kobel
91%
2022-2023 1 GK Gregor Kobel
91%
2023-2024 1 GK Gregor Kobel
91%
2024-2025 1 GK Gregor Kobel
91%
2020-2021 22 MF Jude Bellingham
91%
2021-2022 22 MF Jude Bellingham
91%
2022-2023 22 MF Jude Bellingham
91%
2010-2011 7 FW Robert Lewandowski
91%
2011-2012 9 FW Robert Lewandowski
91%
2012-2013 9 FW Robert Lewandowski
91%
2013-2014 9 FW Robert Lewandowski
91%
2017-2018 7 FW Jadon Sancho
90%
2018-2019 7 FW Jadon Sancho
90%
2019-2020 7 FW Jadon Sancho
90%
2020-2021 7 FW Jadon Sancho
90%
2023-2024 10 FW Jadon Sancho
90%
2013-2014 17 FW Pierre-Emerick Aubameyang
89%
2014-2015 17 FW Pierre-Emerick Aubameyang
89%
2015-2016 17 FW Pierre-Emerick Aubameyang
89%
2016-2017 17 FW Pierre-Emerick Aubameyang
89%
2017-2018 17 FW Pierre-Emerick Aubameyang
89%
2009-2010 31 MF Mario Götze
85%
2010-2011 31 MF Mario Götze
85%
2011-2012 11 MF Mario Götze
85%
2012-2013 10 MF Mario Götze
85%
2016-2017 10 MF Mario Götze
85%
2017-2018 10 MF Mario Götze
85%
2018-2019 10 MF Mario Götze
85%
2019-2020 10 MF Mario Götze
85%
2002-2003 26 GK Roman Weidenfeller
85%
2003-2004 1 GK Roman Weidenfeller
85%
2004-2005 1 GK Roman Weidenfeller
85%
2005-2006 1 GK Roman Weidenfeller
85%
2006-2007 1 GK Roman Weidenfeller
85%
2007-2008 1 GK Roman Weidenfeller
85%
2008-2009 1 GK Roman Weidenfeller
85%
2009-2010 1 GK Roman Weidenfeller
85%
2010-2011 1 GK Roman Weidenfeller
85%
2011-2012 1 GK Roman Weidenfeller
85%
2012-2013 1 GK Roman Weidenfeller
85%
2013-2014 1 GK Roman Weidenfeller
85%
2014-2015 1 GK Roman Weidenfeller
85%
2015-2016 1 GK Roman Weidenfeller
85%
2016-2017 1 GK Roman Weidenfeller
85%
2015-2016 38 GK Roman Bürki
84%
2016-2017 38 GK Roman Bürki
84%
2017-2018 38 GK Roman Bürki
84%
2018-2019 1 GK Roman Bürki
84%
2019-2020 1 GK Roman Bürki
84%
2020-2021 1 GK Roman Bürki
84%
2010-2011 23 MF Shinji Kagawa
84%
2011-2012 23 MF Shinji Kagawa
84%
2014-2015 7 MF Shinji Kagawa
84%
2015-2016 23 MF Shinji Kagawa
84%
2016-2017 23 MF Shinji Kagawa
84%
2017-2018 23 MF Shinji Kagawa
84%
2018-2019 23 MF Shinji Kagawa
84%
2019-2020 23 FW Thorgan Hazard
84%
2020-2021 10 FW Thorgan Hazard
84%
2021-2022 10 FW Thorgan Hazard
84%
2022-2023 10 FW Thorgan Hazard
84%
2016-2017 13 DF Raphaël Guerreiro
83%
2017-2018 13 DF Raphaël Guerreiro
83%
2018-2019 13 DF Raphaël Guerreiro
83%
2019-2020 13 DF Raphaël Guerreiro
83%
2020-2021 13 DF Raphaël Guerreiro
83%
2021-2022 13 DF Raphaël Guerreiro
83%
2022-2023 13 DF Raphaël Guerreiro
83%
2015-2016 22 FW Christian Pulisic
82%
2016-2017 22 FW Christian Pulisic
82%
2017-2018 22 FW Christian Pulisic
82%
2018-2019 22 FW Christian Pulisic
82%
2023-2024 20 MF Marcel Sabitzer
82%
2024-2025 20 MF Marcel Sabitzer
82%
2022-2023 25 DF Niklas Süle
82%
2023-2024 25 DF Niklas Süle
82%
2024-2025 25 DF Niklas Süle
82%
2019-2020 27 MF Emre Can
81%
2020-2021 23 MF Emre Can
81%
2021-2022 23 MF Emre Can
81%
2022-2023 23 MF Emre Can
81%
2023-2024 23 MF Emre Can
81%
2024-2025 23 MF Emre Can
81%
2024-2025 9 FW Serhou Guirassy
80%
2019-2020 19 MF Julian Brandt
79%
2020-2021 19 MF Julian Brandt
79%
2021-2022 19 MF Julian Brandt
79%
2022-2023 19 MF Julian Brandt
79%
2023-2024 19 MF Julian Brandt
79%
2024-2025 10 MF Julian Brandt
79%
2021-2022 21 FW Donyell Malen
78%
2022-2023 21 FW Donyell Malen
78%
2023-2024 21 FW Donyell Malen
78%
2024-2025 21 FW Donyell Malen
78%
2013-2014 10 MF Henrikh Mkhitaryan
78%
2014-2015 10 MF Henrikh Mkhitaryan
78%
2015-2016 10 MF Henrikh Mkhitaryan
78%
2005-2006 25 MF Nuri Şahin
78%
2006-2007 25 MF Nuri Şahin
78%
2008-2009 23 MF Nuri Şahin
78%
2009-2010 8 MF Nuri Şahin
78%
2010-2011 8 MF Nuri Şahin
78%
2012-2013 18 MF Nuri Şahin
78%
2013-2014 18 MF Nuri Şahin
78%
2014-2015 18 MF Nuri Şahin
78%
2015-2016 18 MF Nuri Şahin
78%
2016-2017 8 MF Nuri Şahin
78%
2017-2018 8 MF Nuri Şahin
78%
2010-2011 26 DF Lukasz Piszczek
77%
2011-2012 26 DF Lukasz Piszczek
77%
2012-2013 26 DF Lukasz Piszczek
77%
2013-2014 26 DF Lukasz Piszczek
77%
2014-2015 26 DF Lukasz Piszczek
77%
2015-2016 26 DF Lukasz Piszczek
77%
2016-2017 26 DF Lukasz Piszczek
77%
2017-2018 26 DF Lukasz Piszczek
77%
2018-2019 26 DF Lukasz Piszczek
77%
2019-2020 26 DF Lukasz Piszczek
77%
2020-2021 26 DF Lukasz Piszczek
77%
2022-2023 4 DF Nico Schlotterbeck
77%
2023-2024 4 DF Nico Schlotterbeck
77%
2024-2025 4 DF Nico Schlotterbeck
77%
2019-2020 32 MF Giovanni Reyna
76%
2020-2021 32 MF Giovanni Reyna
76%
2021-2022 7 MF Giovanni Reyna
76%
2022-2023 7 MF Giovanni Reyna
76%
2023-2024 7 MF Giovanni Reyna
76%
2024-2025 7 MF Giovanni Reyna
76%
2018-2019 5 DF Achraf Hakimi
73%
2019-2020 5 DF Achraf Hakimi
73%
2017-2018 16 DF Manuel Akanji
73%
2018-2019 16 DF Manuel Akanji
73%
2019-2020 16 DF Manuel Akanji
73%
2020-2021 16 DF Manuel Akanji
73%
2021-2022 16 DF Manuel Akanji
73%
2018-2019 9 FW Paco Alcácer
73%
2019-2020 9 FW Paco Alcácer
73%
2008-2009 4 DF Neven Subotic
72%
2009-2010 4 DF Neven Subotic
72%
2010-2011 4 DF Neven Subotic
72%
2011-2012 4 DF Neven Subotic
72%
2012-2013 4 DF Neven Subotic
72%
2013-2014 4 DF Neven Subotic
72%
2014-2015 4 DF Neven Subotic
72%
2015-2016 4 DF Neven Subotic
72%
2017-2018 4 DF Neven Subotic
72%
2022-2023 9 FW Sébastien Haller
72%
2023-2024 9 FW Sébastien Haller
72%
2007-2008 16 FW Jakub Blaszczykowski
71%
2008-2009 16 FW Jakub Blaszczykowski
71%
2009-2010 16 FW Jakub Blaszczykowski
71%
2010-2011 16 FW Jakub Blaszczykowski
71%
2011-2012 16 FW Jakub Blaszczykowski
71%
2012-2013 16 FW Jakub Blaszczykowski
71%
2013-2014 16 FW Jakub Blaszczykowski
71%
2014-2015 16 FW Jakub Blaszczykowski
71%
2021-2022 43 FW Jamie Gittens
71%
2022-2023 43 FW Jamie Gittens
71%
2023-2024 43 FW Jamie Gittens
71%
2024-2025 43 FW Jamie Gittens
71%
2023-2024 5 DF Ramy Bensebaini
71%
2024-2025 5 DF Ramy Bensebaini
71%
2008-2009 29 DF Marcel Schmelzer
70%
2009-2010 29 DF Marcel Schmelzer
70%
2010-2011 29 DF Marcel Schmelzer
70%
2011-2012 29 DF Marcel Schmelzer
70%
2012-2013 29 DF Marcel Schmelzer
70%
2013-2014 29 DF Marcel Schmelzer
70%
2014-2015 29 DF Marcel Schmelzer
70%
2015-2016 29 DF Marcel Schmelzer
70%
2016-2017 29 DF Marcel Schmelzer
70%
2017-2018 29 DF Marcel Schmelzer
70%
2018-2019 29 DF Marcel Schmelzer
70%
2022-2023 27 FW Karim Adeyemi
69%
2023-2024 27 FW Karim Adeyemi
69%
2024-2025 27 FW Karim Adeyemi
69%
2016-2017 7 FW Ousmane Dembélé
69%
2024-2025 13 MF Pascal Groß
69%
2022-2023 26 DF Julian Ryerson
68%
2023-2024 26 DF Julian Ryerson
68%
2024-2025 26 DF Julian Ryerson
68%
2005-2006 16 FW Cedric van der Gun
67%
2011-2012 21 MF İlkay Gündoğan
67%
2012-2013 8 MF İlkay Gündoğan
67%
2013-2014 8 MF İlkay Gündoğan
67%
2014-2015 8 MF İlkay Gündoğan
67%
2015-2016 8 MF İlkay Gündoğan
67%
2022-2023 6 MF Salih Özcan
65%
2023-2024 6 MF Salih Özcan
65%
2024-2025 6 MF Salih Özcan
65%
2018-2019 28 DF Axel Witsel
64%
2019-2020 28 DF Axel Witsel
64%
2020-2021 28 DF Axel Witsel
64%
2021-2022 28 DF Axel Witsel
64%
2014-2015 9 FW Ciro Immobile
64%
2018-2019 6 MF Thomas Delaney
64%
2019-2020 6 MF Thomas Delaney
64%
2020-2021 6 MF Thomas Delaney
64%
2020-2021 24 DF Thomas Meunier
63%
2021-2022 24 DF Thomas Meunier
63%
2022-2023 24 DF Thomas Meunier
63%
2023-2024 24 DF Thomas Meunier
63%
2017-2018 19 MF Mahmoud Dahoud
60%
2018-2019 19 MF Mahmoud Dahoud
60%
2019-2020 8 MF Mahmoud Dahoud
60%
2020-2021 8 MF Mahmoud Dahoud
60%
2021-2022 8 MF Mahmoud Dahoud
60%
2022-2023 8 MF Mahmoud Dahoud
60%
2013-2014 25 DF Sokratis Papastathopoulos
59%
2014-2015 25 DF Sokratis Papastathopoulos
59%
2015-2016 25 DF Sokratis Papastathopoulos
59%
2016-2017 25 DF Sokratis Papastathopoulos
59%
2017-2018 25 DF Sokratis Papastathopoulos
59%
2009-2010 22 MF Sven Bender
59%
2010-2011 22 MF Sven Bender
59%
2011-2012 22 MF Sven Bender
59%
2012-2013 6 MF Sven Bender
59%
2013-2014 6 MF Sven Bender
59%
2014-2015 6 MF Sven Bender
59%
2015-2016 6 MF Sven Bender
59%
2016-2017 6 MF Sven Bender
59%
2009-2010 19 DF Kevin Großkreutz
58%
2010-2011 19 DF Kevin Großkreutz
58%
2011-2012 19 DF Kevin Großkreutz
58%
2012-2013 19 DF Kevin Großkreutz
58%
2013-2014 19 DF Kevin Großkreutz
58%
2014-2015 19 DF Kevin Großkreutz
58%
2000-2001 10 MF Tomas Rosicky
58%
2001-2002 10 MF Tomas Rosicky
58%
2002-2003 10 MF Tomas Rosicky
58%
2003-2004 10 MF Tomas Rosicky
58%
2004-2005 10 MF Tomas Rosicky
58%
2005-2006 10 MF Tomas Rosicky
58%
2001-2002 25 MF Sebastian Kehl
57%
2002-2003 5 MF Sebastian Kehl
57%
2003-2004 5 MF Sebastian Kehl
57%
2004-2005 5 MF Sebastian Kehl
57%
2005-2006 5 MF Sebastian Kehl
57%
2006-2007 5 MF Sebastian Kehl
57%
2007-2008 5 MF Sebastian Kehl
57%
2008-2009 5 MF Sebastian Kehl
57%
2009-2010 5 MF Sebastian Kehl
57%
2010-2011 5 MF Sebastian Kehl
57%
2011-2012 5 MF Sebastian Kehl
57%
2012-2013 5 MF Sebastian Kehl
57%
2013-2014 5 MF Sebastian Kehl
57%
2014-2015 5 MF Sebastian Kehl
57%
2011-2012 14 FW Ivan Perišić
56%
2012-2013 14 FW Ivan Perišić
56%
2018-2019 35 GK Marwin Hitz
56%
2019-2020 35 GK Marwin Hitz
56%
2020-2021 35 GK Marwin Hitz
56%
2021-2022 35 GK Marwin Hitz
56%
2016-2017 9 FW Emre Mor
55%
2017-2018 2 DF Dan-Axel Zagadou
54%
2018-2019 2 DF Dan-Axel Zagadou
54%
2019-2020 2 DF Dan-Axel Zagadou
54%
2020-2021 5 DF Dan-Axel Zagadou
54%
2021-2022 5 DF Dan-Axel Zagadou
54%
2024-2025 2 DF Yan Couto
54%
2009-2010 18 FW Lucas Barrios
53%
2010-2011 18 FW Lucas Barrios
53%
2011-2012 18 FW Lucas Barrios
53%
2016-2017 5 DF Marc Bartra
53%
2017-2018 5 DF Marc Bartra
53%
2017-2018 36 DF Ömer Toprak
53%
2018-2019 36 DF Ömer Toprak
53%
2017-2018 9 FW Andriy Yarmolenko
52%
2023-2024 8 MF Felix Nmecha
51%
2024-2025 8 MF Felix Nmecha
51%
2018-2019 4 DF Abdou Diallo
50%
2001-2002 8 FW Jan Koller
50%
2002-2003 9 FW Jan Koller
50%
2003-2004 9 FW Jan Koller
50%
2004-2005 9 FW Jan Koller
50%
2005-2006 9 FW Jan Koller
50%
2017-2018 44 FW Michy Batshuayi
50%
2014-2015 20 FW Adrián Ramos
49%
2015-2016 20 FW Adrián Ramos
49%
2016-2017 20 FW Adrián Ramos
49%
2023-2024 14 FW Niclas Füllkrug
49%
2024-2025 14 FW Maximilian Beier
48%
2008-2009 10 FW Mohamed Zidan
47%
2009-2010 10 FW Mohamed Zidan
47%
2010-2011 10 FW Mohamed Zidan
47%
2011-2012 10 FW Mohamed Zidan
47%
2024-2025 3 DF Waldemar Anton
46%
2024-2025 24 DF Daniel Svensson
45%
2000-2001 17 DF Dedê
44%
2001-2002 17 DF Dedê
44%
2002-2003 17 DF Dedê
44%
2003-2004 17 DF Dedê
44%
2004-2005 17 DF Dedê
44%
2005-2006 17 DF Dedê
44%
2006-2007 17 DF Dedê
44%
2007-2008 17 DF Dedê
44%
2008-2009 17 DF Dedê
44%
2009-2010 17 DF Dedê
44%
2010-2011 17 DF Dedê
44%
2023-2024 22 DF Ian Maatsen
44%
2024-2025 16 FW Julien Duranville
44%
2010-2011 20 GK Mitchell Langerak
44%
2011-2012 20 GK Mitchell Langerak
44%
2012-2013 20 GK Mitchell Langerak
44%
2013-2014 20 GK Mitchell Langerak
44%
2014-2015 22 GK Mitchell Langerak
44%
2014-2015 28 DF Matthias Ginter
43%
2015-2016 28 DF Matthias Ginter
43%
2016-2017 28 DF Matthias Ginter
43%
2008-2009 27 DF Felipe Santana
42%
2009-2010 27 DF Felipe Santana
42%
2010-2011 27 DF Felipe Santana
42%
2011-2012 27 DF Felipe Santana
42%
2012-2013 27 DF Felipe Santana
42%
2020-2021 18 FW Youssoufa Moukoko
42%
2021-2022 18 FW Youssoufa Moukoko
42%
2022-2023 18 FW Youssoufa Moukoko
42%
2023-2024 18 FW Youssoufa Moukoko
42%
2000-2001 1 GK Jens Lehmann
41%
2001-2002 1 GK Jens Lehmann
41%
2002-2003 1 GK Jens Lehmann
41%
2015-2016 33 MF Julian Weigl
40%
2016-2017 33 MF Julian Weigl
40%
2017-2018 33 MF Julian Weigl
40%
2018-2019 33 MF Julian Weigl
40%
2019-2020 33 MF Julian Weigl
40%
2022-2023 33 GK Alexander Meyer
39%
2023-2024 33 GK Alexander Meyer
39%
2024-2025 33 GK Alexander Meyer
39%
2019-2020 22 DF Mateu Morey
39%
2020-2021 2 DF Mateu Morey
39%
2016-2017 21 FW André Schürrle
38%
2017-2018 21 FW André Schürrle
38%
2014-2015 23 MF Kevin Kampl
37%
2024-2025 17 MF Carney Chukwuemeka
36%
2015-2016 3 DF Ju-ho Park
36%
2020-2021 20 MF Reinier
36%
2021-2022 20 MF Reinier
36%
2019-2020 14 DF Nico Schulz
35%
2020-2021 14 DF Nico Schulz
35%
2021-2022 14 DF Nico Schulz
35%
2018-2019 27 DF Marius Wolf
34%
2021-2022 39 DF Marius Wolf
34%
2022-2023 17 DF Marius Wolf
34%
2023-2024 17 DF Marius Wolf
34%
2006-2007 13 FW Alex Frei
33%
2007-2008 13 FW Alex Frei
33%
2008-2009 13 FW Alex Frei
33%
2015-2016 27 MF Gonzalo Castro
33%
2016-2017 27 MF Gonzalo Castro
33%
2017-2018 27 MF Gonzalo Castro
33%
2000-2001 18 MF Lars Ricken
33%
2001-2002 18 MF Lars Ricken
33%
2002-2003 18 MF Lars Ricken
33%
2003-2004 18 MF Lars Ricken
33%
2004-2005 18 MF Lars Ricken
33%
2005-2006 18 MF Lars Ricken
33%
2006-2007 18 MF Lars Ricken
33%
2013-2014 37 DF Erik Durm
32%
2014-2015 37 DF Erik Durm
32%
2015-2016 37 DF Erik Durm
32%
2016-2017 37 DF Erik Durm
32%
2022-2023 20 FW Anthony Modeste
31%
2018-2019 34 FW Jacob Bruun Larsen
31%
2019-2020 34 FW Jacob Bruun Larsen
31%
2001-2002 22 FW Márcio Amoroso
29%
2002-2003 22 FW Márcio Amoroso
29%
2003-2004 22 FW Márcio Amoroso
29%
2006-2007 9 FW Nelson Valdez
29%
2007-2008 9 FW Nelson Valdez
29%
2008-2009 9 FW Nelson Valdez
29%
2009-2010 9 FW Nelson Valdez
29%
2004-2005 14 FW Ebi Smolarek
28%
2005-2006 14 FW Ebi Smolarek
28%
2006-2007 14 FW Ebi Smolarek
28%
2007-2008 14 FW Ebi Smolarek
28%
2000-2001 5 DF Jürgen Kohler
27%
2001-2002 5 DF Jürgen Kohler
27%
2019-2020 18 DF Leonardo Balerdi
27%
2016-2017 24 MF Mikel Merino
27%
2016-2017 18 MF Sebastian Rode
27%
2000-2001 21 DF Christoph Metzelder
26%
2001-2002 21 DF Christoph Metzelder
26%
2002-2003 21 DF Christoph Metzelder
26%
2004-2005 21 DF Christoph Metzelder
26%
2005-2006 21 DF Christoph Metzelder
26%
2006-2007 21 DF Christoph Metzelder
26%
2003-2004 20 MF Malte Metzelder
26%
2006-2007 10 MF Steven Pienaar
26%
2023-2024 47 DF Antonios Papadopoulos
24%
2012-2013 23 FW Julian Schieber
24%
2013-2014 23 FW Julian Schieber
24%
2021-2022 34 DF Marin Pongračić
24%
2017-2018 20 FW Maximilian Philipp
24%
2018-2019 20 FW Maximilian Philipp
24%
2008-2009 25 DF Patrick Owomoyela
24%
2009-2010 25 DF Patrick Owomoyela
24%
2010-2011 25 DF Patrick Owomoyela
24%
2011-2012 25 DF Patrick Owomoyela
24%
2018-2019 17 FW Sergio Gómez
24%
2008-2009 3 DF Young-pyo Lee
24%
2010-2011 32 MF Antônio da Silva
23%
2011-2012 8 MF Antônio da Silva
23%
2015-2016 30 DF Felix Passlack
23%
2016-2017 30 DF Felix Passlack
23%
2020-2021 30 DF Felix Passlack
23%
2021-2022 30 DF Felix Passlack
23%
2022-2023 30 DF Felix Passlack
23%
2013-2014 14 MF Milos Jojic
23%
2014-2015 14 MF Milos Jojic
23%
2015-2016 9 FW Adnan Januzaj
22%
2000-2001 2 DF Christian Wörns
22%
2001-2002 2 DF Christian Wörns
22%
2002-2003 4 DF Christian Wörns
22%
2003-2004 4 DF Christian Wörns
22%
2004-2005 4 DF Christian Wörns
22%
2005-2006 4 DF Christian Wörns
22%
2006-2007 4 DF Christian Wörns
22%
2007-2008 4 DF Christian Wörns
22%
2012-2013 35 MF Jonas Hofmann
22%
2013-2014 7 MF Jonas Hofmann
22%
2014-2015 7 MF Jonas Hofmann
22%
2015-2016 7 MF Jonas Hofmann
22%
2011-2012 7 MF Moritz Leitner
22%
2012-2013 7 MF Moritz Leitner
22%
2015-2016 14 MF Moritz Leitner
22%
2007-2008 21 DF Robert Kovac
22%
2008-2009 21 DF Robert Kovac
22%
2002-2003 8 MF Torsten Frings
22%
2003-2004 8 MF Torsten Frings
22%
2001-2002 12 FW Ewerthon
21%
2002-2003 12 FW Ewerthon
21%
2003-2004 12 FW Ewerthon
21%
2004-2005 12 FW Ewerthon
21%
2024-2025 42 DF Almugera Kabar
19%
2008-2009 22 MF Kevin-Prince Boateng
19%
2007-2008 10 FW Mladen Petric
18%
2012-2013 21 MF Oliver Kirch
18%
2013-2014 21 MF Oliver Kirch
18%
2014-2015 21 MF Oliver Kirch
18%
2006-2007 7 MF Tinga
18%
2007-2008 7 MF Tinga
18%
2008-2009 7 MF Tinga
18%
2009-2010 7 MF Tinga
18%
2002-2003 24 FW David Odonkor
16%
2003-2004 24 FW David Odonkor
16%
2004-2005 24 FW David Odonkor
16%
2005-2006 11 FW David Odonkor
16%
2006-2007 11 FW David Odonkor
16%
2000-2001 19 MF Otto Addo
16%
2001-2002 19 MF Otto Addo
16%
2002-2003 19 MF Otto Addo
16%
2003-2004 19 MF Otto Addo
16%
2000-2001 7 MF Stefan Reuter
16%
2001-2002 7 MF Stefan Reuter
16%
2002-2003 7 MF Stefan Reuter
16%
2003-2004 7 MF Stefan Reuter
16%
2000-2001 3 DF Evanilson
15%
2001-2002 3 DF Evanilson
15%
2002-2003 2 DF Evanilson
15%
2003-2004 2 DF Evanilson
15%
2004-2005 2 DF Evanilson
15%
2004-2005 6 MF Florian Kringe
15%
2005-2006 6 MF Florian Kringe
15%
2006-2007 6 MF Florian Kringe
15%
2007-2008 6 MF Florian Kringe
15%
2008-2009 6 MF Florian Kringe
15%
2011-2012 6 MF Florian Kringe
15%
2000-2001 13 FW Giuseppe Reina
15%
2001-2002 13 FW Giuseppe Reina
15%
2002-2003 13 FW Giuseppe Reina
15%
2003-2004 13 FW Giuseppe Reina
15%
2013-2014 24 DF Marian Sarr
15%
2008-2009 30 MF Tamás Hajnal
15%
2009-2010 30 MF Tamás Hajnal
15%
2009-2010 11 FW Dimitar Rangelov
14%
2010-2011 11 FW Dimitar Rangelov
14%
2022-2023 36 DF Tom Rothe
14%
2020-2021 36 FW Ansgar Knauff
13%
2012-2013 32 MF Leonardo Bittencourt
13%
2013-2014 2 DF Manuel Friedrich
13%
2005-2006 23 DF Philipp Degen
13%
2006-2007 23 DF Philipp Degen
13%
2007-2008 23 DF Philipp Degen
13%
2000-2001 15 MF Sunday Oliseh
13%
2001-2002 15 MF Sunday Oliseh
13%
2002-2003 15 MF Sunday Oliseh
13%
2004-2005 16 MF Sunday Oliseh
13%
2024-2025 49 DF Yannik Lührs
13%
2006-2007 20 GK Bernd Meier
12%
2007-2008 19 FW Diego Klimowicz
12%
2008-2009 19 FW Diego Klimowicz
12%
2017-2018 15 DF Jeremy Toljan
12%
2021-2022 27 FW Steffen Tigges
12%
2007-2008 14 DF Antonio Rukavina
11%
2008-2009 14 DF Antonio Rukavina
11%
2000-2001 6 DF Jörg Heinrich
11%
2001-2002 6 DF Jörg Heinrich
11%
2002-2003 6 DF Jörg Heinrich
11%
2009-2010 13 MF Damien Le Tallec
10%
2010-2011 13 MF Damien Le Tallec
10%
2005-2006 7 FW Delron Buckley
10%
2007-2008 26 FW Delron Buckley
10%
2018-2019 40 GK Eric Oelschlägel
10%
2000-2001 9 FW Fredi Bobic
10%
2001-2002 9 FW Fredi Bobic
10%
2002-2003 3 DF Juan Fernández
10%
2003-2004 3 DF Juan Fernández
10%
2004-2005 22 MF Marc-André Kruska
10%
2005-2006 22 MF Marc-André Kruska
10%
2006-2007 22 MF Marc-André Kruska
10%
2007-2008 22 MF Marc-André Kruska
10%
2008-2009 22 MF Marc-André Kruska
10%
2013-2014 34 FW Marvin Ducksch
10%
2001-2002 14 DF Guy Demel
9%
2002-2003 14 DF Guy Demel
9%
2003-2004 14 DF Guy Demel
9%
2004-2005 7 DF Guy Demel
9%
2000-2001 11 FW Heiko Herrlich
9%
2001-2002 11 FW Heiko Herrlich
9%
2002-2003 11 FW Heiko Herrlich
9%
2005-2006 8 FW Matthew Amoah
9%
2006-2007 8 FW Matthew Amoah
9%
2003-2004 15 DF Niclas Jensen
9%
2004-2005 15 DF Niclas Jensen
9%
2012-2013 33 GK Zlatan Alomerovic
9%
2011-2012 24 DF Chris Löwe
8%
2007-2008 8 MF Giovanni Federico
8%
2008-2009 8 MF Giovanni Federico
8%
2007-2008 20 GK Marc Ziegler
8%
2008-2009 20 GK Marc Ziegler
8%
2009-2010 20 GK Marc Ziegler
8%
2000-2001 4 MF Miroslav Stevic
8%
2001-2002 4 MF Miroslav Stevic
8%
2000-2001 24 FW Victor Ikpeba
8%
2003-2004 6 MF Flávio Conceição
7%
2003-2004 26 GK Guillaume Warmuz
7%
2004-2005 26 GK Guillaume Warmuz
7%
2000-2001 29 FW Jan Derek Sørensen
7%
2001-2002 29 FW Jan Derek Sørensen
7%
2009-2010 45 MF Julian Koch
7%
2004-2005 35 DF Markus Brzenska
7%
2005-2006 3 DF Markus Brzenska
7%
2006-2007 3 DF Markus Brzenska
7%
2007-2008 3 DF Markus Brzenska
7%
2009-2010 14 MF Markus Feulner
7%
2010-2011 14 MF Markus Feulner
7%
2006-2007 28 MF Sebastian Tyrala
7%
2001-2002 23 DF Ahmed Madouni
6%
2002-2003 23 DF Ahmed Madouni
6%
2003-2004 23 DF Ahmed Madouni
6%
2004-2005 23 DF Ahmed Madouni
6%
2012-2013 38 FW Bálint Bajner
6%
2000-2001 22 FW Ibrahim Tanko
6%
2002-2003 41 MF Léandro
6%
2009-2010 39 MF Marco Stiepermann
6%
2010-2011 39 MF Marco Stiepermann
6%
2000-2001 12 GK Wolfgang de Beer
6%
2000-2001 15 DF Alfred Nijhuis
5%
2006-2007 24 DF Daniel Gordon
5%
2005-2006 13 DF Kosi Saka
5%
2006-2007 16 DF Kosi Saka
5%
2011-2012 28 DF Marc Hornschuh
5%
2006-2007 2 DF Martin Amedick
5%
2007-2008 2 DF Martin Amedick
5%
2000-2001 16 MF Sead Kapetanovic
5%
2001-2002 16 MF Sead Kapetanovic
5%
2003-2004 28 DF André Bergdölmo
4%
2004-2005 28 DF André Bergdölmo
4%
2000-2001 8 MF Christian Nerlinger
4%
2000-2001 20 GK Dr. Philipp Laux
4%
2001-2002 20 GK Dr. Philipp Laux
4%
2010-2011 41 GK Johannes Focher
4%
2011-2012 41 GK Johannes Focher
4%
2012-2013 37 DF Marcel Halstenberg
4%
2007-2008 32 DF Patrick Njambe
4%
2003-2004 33 FW Salvatore Gambino
4%
2004-2005 33 FW Salvatore Gambino
4%
2005-2006 33 FW Salvatore Gambino
4%
2005-2006 27 DF Uwe Hünemeier
4%
2006-2007 27 DF Uwe Hünemeier
4%
2009-2010 21 DF Uwe Hünemeier
4%
2008-2009 34 FW Bajram Sadrijaj
3%
2005-2006 30 GK Dennis Gentenaar
3%
2002-2003 38 DF Florian Thorwart
3%
2007-2008 30 GK Marcel Höttecke
3%
2003-2004 25 FW Sahr Senesie
3%
2004-2005 25 FW Sahr Senesie
3%
2007-2008 31 FW Christopher Nöthe
2%
2000-2001 31 FW Emmanuel Krontiris
2%
2004-2005 37 FW Mahir Saglik
2%
2004-2005 39 FW Marcus Steegmann
2%
2005-2006 39 FW Marcus Steegmann
2%
2005-2006 24 MF Nizamettin Çalışkan
2%
2005-2006 34 GK Sören Pirson
2%
2006-2007 34 GK Sören Pirson
2%
No matching quizzes found
Score Distribution
Percent of People with Each Score
Percentile by Number Answered
Your Score History
You have not taken this quiz since the last reset